Obras completas de D. Angel de Saavedra, Duque de Rivas / (Record no. 163580)

MARC details
000 -LEADER
campo de control de longitud fija 01229nam a22002415i 4500
001 - NÚMERO DE CONTROL
campo de control 163580
003 - IDENTIFICADOR DE NÚMERO DE CONTROL
campo de control ES-MaACL
005 - FECHA Y HORA DE LA ÚLTIMA TRANSACCIÓN
campo de control 20231220210525.0
008 - DATOS DE LONGITUD FIJA--INFORMACIÓN GENERAL
campo de control de longitud fija 940301m18541855sp a |||| | spa d
040 ## - FUENTE DE CATALOGACIÓN
Centro catalogador/agencia de origen AS
Lengua de catalogación spa
100 1# - ENTRADA PRINCIPAL--NOMBRE DE PERSONA
Nombre de persona Rivas, Ángel de Saavedra,
Títulos y otros términos asociados al nombre Duque de,
Fechas asociadas al nombre 1791-1865
9 (RLIN) 97550
245 10 - MENCIÓN DEL TÍTULO
Título Obras completas de D. Angel de Saavedra, Duque de Rivas /
Mención de responsabilidad, etc. corregidas por el mismo.
250 ## - MENCION DE EDICION
Mención de edición 1ª ed.
260 ## - PUBLICACIÓN, DISTRIBUCIÓN, ETC.
Lugar de publicación, distribución, etc. Madrid :
Nombre del editor, distribuidor, etc. [s.n.],
Fecha de publicación, distribución, etc. 1854-1855 (
Fabricante Imprenta de la Biblioteca Nueva)
300 ## - DESCRIPCIÓN FÍSICA
Extensión 5 v. (LV, 456 p., [2]h. de grab.; XXIII, 451 p., [1]h. de grab.; XX, 517 p., [1]h. de grab.; 524 p.; XXV, 458 p.) :
Otras características físicas 1 retr. ;
Dimensiones 27 cm.
505 8# - NOTA DE CONTENIDO CON FORMATO
Nota de contenido con formato Contiene: T. I. Poesias sueltas y poemas cortos -- T. II. El moro expósito -- T. III. Romances históricos y leyendas -- T. IV. Teatro -- T. V. Prosas
530 ## - NOTA DISPONIBLE DE FORMULARIO FÍSICO ADICIONAL
Nota de formato físico adicional disponible Disponible también en sitio web.
599 #1 - NOTA A LAS ILUSTRACIONES
NOTA A LAS ILUSTRACIONES Port. grab.: "Pizarro", "Coderch"
599 #1 - NOTA A LAS ILUSTRACIONES
NOTA A LAS ILUSTRACIONES Retr. del autor: "Lit. de Peaut"
852 ## - LOCALIZACIÓN
Encuadernación
Ubicación BA
Número de control de estantería R-2407-10
Nota libre -- Enc. hol.
condición física -- Falto del t.V Olim: B-4913-16
856 ## - LOCALIZACIÓN Y ACCESO ELECTRÓNICOS
Identificador Uniforme de Recursos <a href="http://bibliotecadigitalhispanica.bne.es:80/webclient/DeliveryManager?pid=2813152&custom_att_2=simple_viewer">http://bibliotecadigitalhispanica.bne.es:80/webclient/DeliveryManager?pid=2813152&custom_att_2=simple_viewer</a>
Nota pública Ir a la página
Holdings
Estatus retirado Estado de pérdida Estado de daño No para préstamo Colección Biblioteca de origen Biblioteca actual Ubicación en estantería Fecha de adquisición Total de préstamos Signatura topográfica completa Código de barras Visto por última vez Precio de reemplazo Tipo de ítem Koha
        Colección digital Biblioteca del Ateneo de Madrid Biblioteca del Ateneo de Madrid Depósito 17/01/2008   R-2407-10 1171418 23/02/2023 23/02/2023 Libro impreso antiguo